000 00527cam a22002171 4500
001 sa 68002325
003 DLC
005 20260227112442.0
008 890825s1967 ii c 000 0 hino
010 _asa 68002325
035 _a(OCoLC)20256639
040 _aDLC
_cWaU
_dDLC
042 _apremarc
050 0 0 _aPK2098.S523
_bT3
100 1 _aŚāstrī, Jānakīvallabha,
_d1916-
245 1 0 _aTamasā.
260 _c[1968, i.e. 1967]
300 _a14, 118 p.
_bport.
_c18 cm.
500 _aIn Hindi.
500 _aPlays.
999 _c78624
_d78624